Statistiques concernant Pays de l'ex-yougoslavie

Cliquez ici pour prendre le quiz!

Statistiques générales

  • Ce quiz a été pris 189 fois
  • Le résultat moyen est 7 sur 7

Statistiques - réponses

CapitalePays% Correct
ZagrebCroatie
98%
BelgradeSerbie
97%
LjubljanaSlovénie
96%
SarajevoBosnie-Herzégovine
95%
PodgoricaMonténégro
95%
SkopjeMacédoine
94%
PristinaKosovo
93%

Distribution des résultats

Percentile par nombre de réponses

% des personnes avec chaque résultat

Votre développement - résultats

Vous n’avez pas pris ce quiz